Corporate Partnerships - Statistics

General Stats
  • This quiz has been taken 36,979 times
    19,453 since last reset
  • The average score is 16 of 24
Answer Stats
Company % Correct
{Rolls}-Royce
98%
Johnson & {Johnson}
93%
{Ben} & Jerry's
90%
Harley-{Davidson}
90%
Abercrombie & {Fitch}
83%
{Wells} Fargo
81%
Baskin-{Robbins}
78%
{Smith} & Wesson
78%
Barnes & {Noble}
76%
Fisher-{Price}
76%
Hewlett-{Packard}
76%
{Goldman} Sachs
74%
Procter & {Gamble}
72%
{Black} & Decker
69%
Lockheed {Martin}
63%
{Hanna}-Barbera
53%
Anheuser-{Busch}
51%
McGraw-{Hill}
48%
Sherwin-{Williams}
48%
{Morgan} Stanley
47%
Ernst & {Young}
46%
{Berkshire} Hathaway
41%
Kimberly-{Clark}
32%
McDonnell {Douglas}
31%
No matching quizzes found
Score Distribution
Percent of People with Each Score
Percentile by Number Answered
Your Score History
You have not taken this quiz since the last reset